000 00313nam a2200133Ia 4500
100 _aShard Chandra
650 _aGeneral
942 _cRB
654 _aNavin Kayde - 2001 (Bhart Shashan)
245 _aNavin Kayde - 2001 (Bhart Shashan)
260 _bNavin Kayde Prakashan
300 _a110
546 _aENGLISH
999 _c20206
_d20206